[Event "Pozarevac Rudar FM 01"]
[Site "Pozarevac"]
[Date "2024.01.29"]
[Round "9.3"]
[White "Popchev, Milko"]
[Black "Usacheva, Glafira"]
[Result "1-0"]
[WhiteElo "2193"]
[BlackElo "1957"]
[PlyCount "48"]
[EventDate "2024.01.24"]
[EventType "schev"]
[EventRounds "10"]
[EventCountry "SRB"]
[SourceTitle "CB06_2024"]
[SourceDate "2024.02.07"]
[SourceVersion "1"]
[SourceVersionDate "2024.02.07"]
[SourceQuality "1"]
[WhiteTeam "Team A"]
[BlackTeam "Team B"]
[WhiteTeamCountry "SRB"]
[BlackTeamCountry "SRB"]

1. d3 e5 2. Nf3 Nc6 3. e4 Nf6 4. Be2 d5 5. exd5 Nxd5 6. 0-0 Be7 7. Re1 0-0 8. Bf1 f6 9. c3 a5 10. d4 exd4 11. Nxd4 Nxd4 12. Qxd4 Nb6 13. Qe4 Bd6 14. Bf4 Bxf4 15. Qxf4 Qd7 16. Na3 c6 17. Rad1 Qf7 18. Qd4 Nd5 19. Nc4 Bf5 20. Nd6 Qd7 21. Nxf5 Qxf5 22. Bc4 Rfd8 23. a4 Kh8 24. Bb3 h6 1-0

[Event "Pozarevac Rudar FM 01"]
[Site "Pozarevac"]
[Date "2024.01.28"]
[Round "7.5"]
[White "Jovanovic, Drasko"]
[Black "Usacheva, Glafira"]
[Result "0-1"]
[WhiteElo "2151"]
[BlackElo "1957"]
[PlyCount "60"]
[EventDate "2024.01.24"]
[EventType "schev"]
[EventRounds "10"]
[EventCountry "SRB"]
[SourceTitle "CB06_2024"]
[SourceDate "2024.02.07"]
[SourceVersion "1"]
[SourceVersionDate "2024.02.07"]
[SourceQuality "1"]
[WhiteTeam "Team A"]
[BlackTeam "Team B"]
[WhiteTeamCountry "SRB"]
[BlackTeamCountry "SRB"]

1. d4 Nf6 2. c4 e6 3. Nf3 b6 4. g3 c6 5. Bg2 d5 6. 0-0 Be7 7. Nbd2 0-0 8. Qc2 c5 9. dxc5 bxc5 10. cxd5 exd5 11. b3 Nc6 12. Bb2 Nb4 13. Qc1 Ba6 14. Re1 Rc8 15. a3 Nc6 16. Bh3 Rc7 17. Ne5 Nxe5 18. Bxe5 Bd6 19. Bc3 Qe7 20. e4 dxe4 21. Bxf6 Qxf6 22. Nxe4 Qg6 23. Qd2 Be5 24. Rac1 c4 25. f4 Qb6+ 26. Kh1 Bf6 27. Qb4 Bd4 28. Bf1 Bb7 29. Rxc4 Rxc4 30. Qxc4 Rc8 0-1

[Event "Pozarevac Rudar FM2 11"]
[Site "Pozarevac"]
[Date "2023.11.11"]
[Round "6.1"]
[White "Usacheva, Glafira"]
[Black "Rajkovic, Aleksandar"]
[Result "1/2-1/2"]
[WhiteElo "1916"]
[BlackElo "2127"]
[PlyCount "59"]
[EventDate "2023.11.07"]
[EventType "schev"]
[EventRounds "10"]
[EventCountry "SRB"]
[SourceTitle "CB46_2023"]
[SourceDate "2023.11.15"]
[SourceVersion "1"]
[SourceVersionDate "2023.11.15"]
[SourceQuality "1"]
[WhiteTeam "Team B"]
[BlackTeam "Team A"]
[WhiteTeamCountry "SRB"]
[BlackTeamCountry "SRB"]

1. e4 d5 2. exd5 Qxd5 3. Nc3 Qd6 4. d4 c6 5. Nf3 Nf6 6. g3 Bg4 7. Bg2 e6 8. Bf4 Qb4 9. Qd2 Nbd7 10. Rb1 Nd5 11. Nxd5 Qxd2+ 12. Nxd2 exd5 13. 0-0 0-0-0 14. a4 h6 15. b4 g5 16. Be3 Bg7 17. c3 Be2 18. Rfc1 Nb6 19. Ra1 Rhe8 20. Re1 Bd3 21. a5 Nc4 22. Nxc4 Bxc4 23. Bh3+ Kc7 24. Bd2 Kd6 25. Bf5 Be2 26. f4 g4 27. Kf2 Bf3 28. h4 h5 29. Bd3 a6 30. Bc2 1/2-1/2

[Event "Pozarevac Rudar FM2 11"]
[Site "Pozarevac"]
[Date "2023.11.10"]
[Round "4.3"]
[White "Usacheva, Glafira"]
[Black "Popchev, Milko"]
[Result "0-1"]
[WhiteElo "1916"]
[BlackElo "2244"]
[PlyCount "72"]
[EventDate "2023.11.07"]
[EventType "schev"]
[EventRounds "10"]
[EventCountry "SRB"]
[SourceTitle "CB46_2023"]
[SourceDate "2023.11.15"]
[SourceVersion "1"]
[SourceVersionDate "2023.11.15"]
[SourceQuality "1"]
[WhiteTeam "Team B"]
[BlackTeam "Team A"]
[WhiteTeamCountry "SRB"]
[BlackTeamCountry "SRB"]

1. e4 e5 2. Nf3 d6 3. d4 exd4 4. Nxd4 Nf6 5. Nc3 Be7 6. Bf4 0-0 7. Qd2 Nc6 8. 0-0-0 Nxd4 9. Qxd4 Be6 10. Be2 Nd7 11. g4 Bg5 12. Qe3 Bxf4 13. Qxf4 Qh4 14. Qe3 Nb6 15. h3 Rfe8 16. f4 f6 17. a4 a6 18. b3 Bf7 19. a5 Nd7 20. Nd5 Rac8 21. Bf3 Nc5 22. Rhg1 c6 23. Nc3 Rcd8 24. b4 Ne6 25. Ne2 d5 26. Ng3 Qh6 27. g5 fxg5 28. Nf5 Qf6 29. fxg5 Qa1+ 30. Kd2 dxe4+ 31. Ke1 Rxd1+ 32. Bxd1 Bh5 33. Rg4 Bxg4 34. hxg4 Rd8 35. Qe2 Qc3+ 36. Kf1 Nf4 0-1

[Event "Ufa Penzina Memorial"]
[Site "Ufa"]
[Date "2023.08.10"]
[Round "5"]
[White "Usacheva, Glafira"]
[Black "Goriachkina, Oksana"]
[Result "0-1"]
[WhiteElo "1926"]
[BlackElo "1808"]
[PlyCount "92"]
[EventDate "2023.08.06"]
[EventType "swiss"]
[EventRounds "9"]
[EventCountry "RUS"]
[SourceTitle "CBM 215 Extra"]
[Source "ChessBase"]
[SourceDate "2023.09.30"]
[SourceVersion "1"]
[SourceVersionDate "2023.09.30"]
[SourceQuality "1"]

1. e4 c6 2. d4 d5 3. e5 Bf5 4. h4 h5 5. Bd3 Bxd3 6. Qxd3 Qa5+ 7. b4 Qxb4+ 8. Nd2 e6 9. Rb1 Qe7 10. c4 Nh6 11. Ne2 Nf5 12. Nf3 b6 13. Ng5 Qd7 14. Kf1 Be7 15. a4 dxc4 16. Qxc4 Qd5 17. Qc3 c5 18. Be3 Nc6 19. Nf4 cxd4 20. Nxd5 dxc3 21. Nc7+ Kd7 22. Nxa8 Nxe3+ 23. fxe3 Ba3 24. Rd1+ Ke7 25. Ke2 Rxa8 26. Kd3 Bb2 27. Kc2 Nxe5 28. Rd4 Rc8 29. Rf1 a6 30. Re4 Rc5 31. Nf3 Nc4 32. Re1 b5 33. axb5 axb5 34. Nd4 b4 35. g4 hxg4 36. Rxg4 g6 37. Rg5 e5 38. Nf3 f6 39. Rxg6 Na5 40. Rg7+ Kf8 41. Reg1 b3+ 42. Kb1 Nc4 43. Rg8+ Ke7 44. R1g7+ Ke6 45. Re8+ Kf5 46. Ra7 c2# 0-1

[Event "Ufa Penzina Memorial"]
[Site "Ufa"]
[Date "2023.08.07"]
[Round "2"]
[White "Goltseva, Ekaterina"]
[Black "Usacheva, Glafira"]
[Result "1-0"]
[WhiteElo "2309"]
[BlackElo "1926"]
[PlyCount "54"]
[EventDate "2023.08.06"]
[EventType "swiss"]
[EventRounds "9"]
[EventCountry "RUS"]
[SourceTitle "CBM 215 Extra"]
[Source "ChessBase"]
[SourceDate "2023.09.30"]
[SourceVersion "1"]
[SourceVersionDate "2023.09.30"]
[SourceQuality "1"]

1. d4 Nf6 2. c4 e6 3. Nc3 d5 4. cxd5 Nxd5 5. e4 Nxc3 6. bxc3 c5 7. Nf3 cxd4 8. cxd4 Bb4+ 9. Bd2 Bxd2+ 10. Qxd2 0-0 11. Bc4 b6 12. 0-0 Bb7 13. Rfe1 Nd7 14. Rad1 Nf6 15. Bd3 Rc8 16. Qe3 h6 17. d5 exd5 18. e5 Nd7 19. e6 fxe6 20. Qxe6+ Kh8 21. Qg6 Nf6 22. Ne5 Qc7 23. Bf5 Rce8 24. Nd7 Qc3 25. Rf1 Kg8 26. Rc1 b5 27. Nb6 Qc7 1-0

[Event "RUS-chT (Women)"]
[Site "Sochi"]
[Date "2023.05.08"]
[Round "7.2"]
[White "Usacheva, Glafira"]
[Black "Yurasova, Daria"]
[Result "1-0"]
[WhiteElo "1850"]
[BlackElo "2095"]
[PlyCount "161"]
[EventDate "2023.05.01"]
[EventType "team-swiss"]
[EventRounds "9"]
[EventCountry "RUS"]
[SourceTitle "CBM 214 Extra"]
[Source "ChessBase"]
[SourceDate "2023.07.31"]
[SourceVersion "1"]
[SourceVersionDate "2023.07.31"]
[SourceQuality "1"]
[WhiteTeam "Moscow Region (W) II"]
[BlackTeam "St Petersburg SSHOR (W)"]
[WhiteTeamCountry "RUS"]
[BlackTeamCountry "RUS"]

1. e4 e5 2. Nf3 Nc6 3. Bb5 a6 4. Ba4 d6 5. 0-0 Bd7 6. c3 g6 7. d4 Bg7 8. h3 Nf6 9. Re1 0-0 10. d5 Ne7 11. Bc2 Nh5 12. Be3 h6 13. c4 f5 14. exf5 Nxf5 15. Nc3 Nxe3 16. Rxe3 Nf4 17. Be4 g5 18. Qc2 Kh8 19. Nh2 Qc8 20. Rf1 h5 21. Ne2 Bh6 22. Nxf4 Rxf4 23. Bf3 Bf5 24. Qe2 g4 25. hxg4 hxg4 26. Be4 g3 27. Nf3 Rg4 28. Bxf5 Qxf5 29. Rb3 gxf2+ 30. Rxf2 Re4 31. Ng5 Rf4 32. Nh3 Qb1+ 33. Kh2 Rxf2 34. Qxf2 Rf8 35. Qh4 Qh7 36. Qe1 b6 37. Kg1 Rg8 38. Rg3 Rxg3 39. Qxg3 Qe4 40. b3 b5 41. Qc3 bxc4 42. Qxc4 Be3+ 43. Kh2 Qh7 44. Qc6 Qh5 45. Qxa6 Qf7 46. Qc4 Bf4+ 47. Nxf4 exf4 48. Kg1 Qh5 49. Qd4+ Kg8 50. Qxf4 Qd1+ 51. Kh2 Qc2 52. a4 Qh7+ 53. Kg3 Qd3+ 54. Qf3 Qd2 55. Qg4+ Kh7 56. Qe4+ Kh8 57. b4 Qg5+ 58. Kh3 Qc1 59. a5 Kg7 60. Qd4+ Kf7 61. Kg4 Kg6 62. Qe4+ Kg7 63. Qd3 Qb2 64. Qe4 Qc1 65. Kf5 Qb2 66. Qf3 Qc1 67. Ke6 Qe1+ 68. Kd7 Qxb4 69. Kxc7 Qxa5+ 70. Kxd6 Qd8+ 71. Ke5 Qe7+ 72. Kd4 Qb4+ 73. Ke3 Qc5+ 74. Kf4 Qc7+ 75. Kg4 Qc4+ 76. Kh3 Qc1 77. Qg4+ Kf7 78. Qe6+ Kg7 79. d6 Qc3+ 80. Kh2 Kh8 81. Qh3+ 1-0

[Event "RUS-chT (Women)"]
[Site "Sochi"]
[Date "2023.05.04"]
[Round "4.2"]
[White "Timofeeva, Ekaterina"]
[Black "Usacheva, Glafira"]
[Result "1-0"]
[WhiteElo "2295"]
[BlackElo "1850"]
[PlyCount "85"]
[EventDate "2023.05.01"]
[EventType "team-swiss"]
[EventRounds "9"]
[EventCountry "RUS"]
[SourceTitle "CBM 214 Extra"]
[Source "ChessBase"]
[SourceDate "2023.07.31"]
[SourceVersion "1"]
[SourceVersionDate "2023.07.31"]
[SourceQuality "1"]
[WhiteTeam "Novosibirsk Region (W)"]
[BlackTeam "Moscow Region (W) II"]
[WhiteTeamCountry "RUS"]
[BlackTeamCountry "RUS"]

1. c4 e6 2. g3 Nf6 3. Bg2 d5 4. Nf3 c5 5. 0-0 d4 6. e3 Nc6 7. exd4 cxd4 8. d3 h6 9. Re1 Bd6 10. Na3 0-0 11. Nc2 a5 12. b3 e5 13. a3 Re8 14. Rb1 Bf5 15. b4 axb4 16. axb4 Qb8 17. Nh4 Bg4 18. Qd2 Ra2 19. Rb2 Qa7 20. b5 Nd8 21. Nb4 Rxb2 22. Qxb2 Qc5 23. Nd5 Nxd5 24. Bxd5 Qc8 25. Qa2 Ne6 26. f3 Bh3 27. g4 Nc5 28. Qe2 h5 29. Nf5 Bf8 30. Ba3 g6 31. Bxc5 Qxc5 32. Ng3 Qe7 33. gxh5 gxh5 34. Nxh5 Qg5+ 35. Ng3 Bb4 36. Rd1 Ra8 37. Bxb7 Ra3 38. Bd5 Bd6 39. Kh1 Qd8 40. Ne4 Be7 41. Nf2 Bd7 42. Qxe5 Bf6 43. Rg1+ 1-0

[Event "Cheliabinsk Lozovatsky Memorial-B"]
[Site "Cheliabinsk"]
[Date "2023.01.30"]
[Round "4"]
[White "Usacheva, Glafira"]
[Black "Matsenko, Elena"]
[Result "1-0"]
[WhiteElo "1879"]
[BlackElo "1673"]
[PlyCount "61"]
[EventDate "2023.01.27"]
[EventType "swiss"]
[EventRounds "10"]
[EventCountry "RUS"]
[SourceTitle "CBM 212 Extra"]
[Source "ChessBase"]
[SourceDate "2023.03.31"]
[SourceVersion "1"]
[SourceVersionDate "2023.03.31"]
[SourceQuality "1"]

1. e4 c5 2. Nf3 b6 3. g3 Bb7 4. Nc3 e6 5. d4 cxd4 6. Nxd4 a6 7. Bg2 Nf6 8. 0-0 Bb4 9. Re1 Qc7 10. e5 Bxc3 11. bxc3 Nd5 12. Bxd5 Bxd5 13. Nf5 exf5 14. Qxd5 Qc6 15. Qd3 0-0 16. Ba3 Re8 17. Bd6 a5 18. Rab1 Na6 19. Qxf5 Qxc3 20. Re3 Qc4 21. Rxb6 Nb4 22. Rb7 Nxc2 23. Re4 Qxa2 24. Rxd7 Qe6 25. Qxe6 Rxe6 26. Rc4 Nb4 27. Rcc7 Nd5 28. Rb7 a4 29. Rxf7 Rg6 30. Ra7 Rxa7 31. Rf8# 1-0

[Event "Cheliabinsk Lozovatsky Memorial-B"]
[Site "Cheliabinsk"]
[Date "2023.01.29"]
[Round "3"]
[White "Berdibaeva, Edisa"]
[Black "Usacheva, Glafira"]
[Result "1-0"]
[WhiteElo "1685"]
[BlackElo "1879"]
[PlyCount "43"]
[EventDate "2023.01.27"]
[EventType "swiss"]
[EventRounds "10"]
[EventCountry "RUS"]
[SourceTitle "CBM 212 Extra"]
[Source "ChessBase"]
[SourceDate "2023.03.31"]
[SourceVersion "1"]
[SourceVersionDate "2023.03.31"]
[SourceQuality "1"]

1. e4 e5 2. Nf3 Nc6 3. Bb5 a6 4. Bxc6 dxc6 5. 0-0 Qf6 6. d4 exd4 7. Bg5 Qd6 8. Nxd4 Bd7 9. Nc3 Ne7 10. Be3 0-0-0 11. Qe2 g5 12. Nb3 Qg6 13. Nc5 Bg7 14. Nxa6 b6 15. a4 Be6 16. Nb4 Bxc3 17. bxc3 Qxe4 18. Qa6+ Kb8 19. Bxb6 Nc8 20. Ba7+ Nxa7 21. Rab1 Ka8 22. Nd5 1-0

[Event "Cheliabinsk Lozovatsky Memorial-B"]
[Site "Cheliabinsk"]
[Date "2023.01.27"]
[Round "1"]
[White "Gritsayeva, Oksana"]
[Black "Usacheva, Glafira"]
[Result "1-0"]
[WhiteElo "2263"]
[BlackElo "1879"]
[PlyCount "101"]
[EventDate "2023.01.27"]
[EventType "swiss"]
[EventRounds "10"]
[EventCountry "RUS"]
[SourceTitle "CBM 212 Extra"]
[Source "ChessBase"]
[SourceDate "2023.03.31"]
[SourceVersion "1"]
[SourceVersionDate "2023.03.31"]
[SourceQuality "1"]

1. e4 e5 2. Nf3 Nc6 3. Bb5 a6 4. Ba4 Nf6 5. 0-0 b5 6. Bb3 Bc5 7. d3 d6 8. Be3 0-0 9. a4 Rb8 10. axb5 axb5 11. Bxc5 dxc5 12. Nbd2 Qd6 13. Ne1 Nd4 14. Ba2 Bg4 15. f3 Be6 16. g3 Ra8 17. Bxe6 Nxe6 18. Kh1 Rxa1 19. Qxa1 c4 20. Qa5 cxd3 21. Nxd3 Nd4 22. Qc3 Rd8 23. Nb3 Nxc2 24. Nxe5 Nb4 25. Qc5 Nd3 26. Qxd6 Rxd6 27. Nxd3 Rxd3 28. Nc5 Rd2 29. b4 Kf8 30. Rc1 Rb2 31. Na6 Ne8 32. Kg1 Ke7 33. Rc5 Rb3 34. Kg2 Rb2+ 35. Kh3 Rb3 36. f4 Nd6 37. Rxc7+ Ke8 38. e5 Ne4 39. Rb7 Rb2 40. g4 Nf2+ 41. Kg3 Ne4+ 42. Kf3 Nd2+ 43. Ke3 Nc4+ 44. Kd4 Rf2 45. Nc7+ Kf8 46. Nd5 g5 47. Rxb5 Nd2 48. Ke3 Rxh2 49. Rb8+ Kg7 50. Nf6 Nf1+ 51. Kd3 1-0

[Event "RUS-chT Rapid (Women)"]
[Site "Sochi"]
[Date "2022.10.19"]
[Round "8.7"]
[White "Usacheva, Glafira"]
[Black "Badelka, Olga"]
[Result "0-1"]
[WhiteElo "1880"]
[BlackElo "2416"]
[PlyCount "66"]
[EventDate "2022.10.18"]
[EventType "team-swiss (rapid)"]
[EventRounds "9"]
[EventCountry "RUS"]
[SourceTitle "CBM 210 Extra"]
[Source "ChessBase"]
[SourceDate "2022.11.30"]
[SourceVersion "1"]
[SourceVersionDate "2022.11.30"]
[SourceQuality "1"]
[WhiteTeam "Moscow 50 Region (W)"]
[BlackTeam "Cheliabinsk Yuzhnyy Ural (W)"]
[WhiteTeamCountry "RUS"]
[BlackTeamCountry "RUS"]

1. e4 e5 2. Nf3 Nc6 3. Bb5 Nf6 4. 0-0 Nxe4 5. Re1 Nd6 6. a4 Be7 7. Nc3 a6 8. Bf1 e4 9. Nxe4 Nxe4 10. Rxe4 d5 11. Re1 0-0 12. d4 Bg4 13. c3 Bd6 14. h3 Bh5 15. g4 Bg6 16. Ne5 Nxe5 17. dxe5 Bc5 18. Be3 Bxe3 19. Rxe3 c5 20. Bg2 d4 21. cxd4 cxd4 22. Rb3 Rc8 23. Rc1 Rxc1 24. Qxc1 d3 25. Qd2 Qd4 26. Rxb7 Rc8 27. Rb3 h6 28. Rc3 Rxc3 29. bxc3 Qxa4 30. Kf1 Qa1+ 31. Qe1 Qb2 32. f4 d2 33. Qd1 Qc1 0-1

[Event "RUS-chT Blitz (Women)"]
[Site "Sochi"]
[Date "2022.10.17"]
[Round "1.7"]
[White "Usacheva, Glafira"]
[Black "Garifullina, Leya"]
[Result "1/2-1/2"]
[WhiteElo "1880"]
[BlackElo "2367"]
[PlyCount "130"]
[EventDate "2022.10.17"]
[EventType "team-swiss (blitz)"]
[EventRounds "11"]
[EventCountry "RUS"]
[SourceTitle "CBM 210 Extra"]
[Source "ChessBase"]
[SourceDate "2022.11.30"]
[SourceVersion "1"]
[SourceVersionDate "2022.11.30"]
[SourceQuality "1"]
[WhiteTeam "Moscow 50 Region (W)"]
[BlackTeam "Yugra (W)"]
[WhiteTeamCountry "RUS"]
[BlackTeamCountry "RUS"]

1. e4 e5 2. Nf3 Nc6 3. Bb5 a6 4. Ba4 Nf6 5. 0-0 Nxe4 6. d4 b5 7. Bb3 d5 8. dxe5 Be6 9. c3 Be7 10. Nbd2 0-0 11. Bc2 f5 12. Nb3 Qd7 13. Nfd4 Nxd4 14. Nxd4 c5 15. Nxe6 Qxe6 16. f3 Ng5 17. a4 Rad8 18. axb5 axb5 19. Ra7 c4 20. Kh1 Nf7 21. f4 Bc5 22. Ra2 Nh6 23. Qf3 d4 24. cxd4 Bxd4 25. h3 b4 26. Ra4 Qb6 27. Rd1 Kh8 28. Bd2 b3 29. Bb1 Bxb2 30. Rxc4 Ba3 31. Rc6 Qb5 32. Rc7 Ng8 33. Rb7 Qa4 34. Rxb3 Be7 35. Bc2 Qa2 36. Rc3 Bb4 37. Bb1 Qa5 38. Rd3 Bxd2 39. Rxd8 Rxd8 40. Bxf5 g6 41. Be6 Bb4 42. Rc1 Ne7 43. Qe4 Qa3 44. Rf1 Qd3 45. Qxd3 Rxd3 46. Rb1 Bc5 47. Rb8+ Kg7 48. Bc4 Rd1+ 49. Kh2 Be3 50. Rb7 Bc5 51. Rc7 Ba3 52. Ra7 Ra1 53. g4 g5 54. f5 Bb2 55. Rxe7+ Kf8 56. Rf7+ Ke8 57. Rxh7 Bxe5+ 58. Kg2 Rc1 59. Be6 Rc3 60. Rb7 Rg3+ 61. Kf2 Rxh3 62. Ra7 Bd4+ 63. Kg2 Bxa7 64. Kxh3 Ke7 65. Kg2 Kf6 1/2-1/2

[Event "Moscow op-B (Women) 18th"]
[Site "Moscow"]
[Date "2022.07.19"]
[Round "8"]
[White "Girya, Olga"]
[Black "Usacheva, Glafira"]
[Result "1/2-1/2"]
[WhiteElo "2407"]
[BlackElo "1870"]
[PlyCount "63"]
[EventDate "2022.07.14"]
[EventType "swiss"]
[EventRounds "9"]
[EventCountry "RUS"]
[SourceTitle "CBM 209 Extra"]
[Source "ChessBase"]
[SourceDate "2022.09.30"]
[SourceVersion "1"]
[SourceVersionDate "2022.09.30"]
[SourceQuality "1"]

1. d4 Nf6 2. c4 e6 3. Nf3 d5 4. Nc3 c6 5. Bg5 dxc4 6. e4 b5 7. e5 h6 8. Bh4 g5 9. Nxg5 hxg5 10. Bxg5 Be7 11. exf6 Bxf6 12. Bxf6 Qxf6 13. g3 Na6 14. Bg2 Bb7 15. Ne4 Qe7 16. 0-0 0-0-0 17. h4 Kb8 18. a4 e5 19. axb5 cxb5 20. d5 Rxd5 21. Qe2 Rd4 22. Rfe1 Nc7 23. Qg4 f6 24. Qg6 Rf8 25. Rad1 Ne6 26. h5 f5 27. Rxd4 Nxd4 28. Ng5 Rf6 29. Qg8+ Rf8 30. Qg6 Rf6 31. Qg8+ Rf8 32. Qg6 1/2-1/2

[Event "Chigorin Memorial 28th"]
[Site "St Petersburg"]
[Date "2021.10.24"]
[Round "2"]
[White "Usacheva, Glafira"]
[Black "Tochilina, Margarita"]
[Result "1-0"]
[WhiteElo "1814"]
[BlackElo "1320"]
[PlyCount "45"]
[EventDate "2021.10.23"]
[EventType "swiss"]
[EventRounds "9"]
[EventCountry "RUS"]
[SourceTitle "EXT 2023"]
[Source "ChessBase"]
[SourceDate "2022.10.05"]
[SourceVersion "1"]
[SourceVersionDate "2022.10.05"]
[SourceQuality "1"]

1. d4 d5 2. c4 e6 3. Nf3 Nf6 4. g3 c6 5. Qc2 Bb4+ 6. Bd2 Be7 7. Bg2 0-0 8. 0-0 b6 9. b3 Bb7 10. Nc3 Nbd7 11. Bf4 dxc4 12. bxc4 c5 13. d5 exd5 14. cxd5 Nxd5 15. Nxd5 Bxd5 16. Rad1 Bxf3 17. Bxf3 Rc8 18. Qa4 a5 19. Bb7 c4 20. Rxd7 Qe8 21. Bxc8 Bc5 22. Ba6 c3 23. Bb5 1-0

[Event "RUS-chT (Women)"]
[Site "Sochi"]
[Date "2021.05.10"]
[Round "9.2"]
[White "Usacheva, Glafira"]
[Black "Solozhenkina, Elizaveta"]
[Result "0-1"]
[WhiteElo "1736"]
[BlackElo "2308"]
[PlyCount "64"]
[EventDate "2021.05.01"]
[EventType "team-tourn"]
[EventRounds "9"]
[EventCountry "RUS"]
[SourceTitle "CBM 202 Extra"]
[Source "ChessBase"]
[SourceDate "2021.07.31"]
[SourceVersion "1"]
[SourceVersionDate "2021.07.31"]
[SourceQuality "1"]
[WhiteTeam "Moscow Region (W)"]
[BlackTeam "Cheliabinsk Yuzhnyy Ural (W)"]
[WhiteTeamCountry "RUS"]
[BlackTeamCountry "RUS"]

1. d4 Nf6 2. c4 e6 3. Nf3 d5 4. g3 dxc4 5. Bg2 a6 6. 0-0 Nc6 7. e3 Rb8 8. Nfd2 e5 9. Bxc6+ bxc6 10. dxe5 Ng4 11. Nxc4 Be6 12. Qe2 h5 13. Rd1 Qc8 14. Nbd2 h4 15. Nf3 hxg3 16. hxg3 Bc5 17. Nd4 Bd5 18. e4 Nxf2 19. exd5 Nxd1 20. Qxd1 Qh3 21. Kf2 Qh2+ 22. Kf3 Qh5+ 23. g4 Qh3+ 24. Kf4 Qh2+ 25. Ke4 cxd5+ 26. Kxd5 Bxd4 27. Qa4+ Rb5+ 28. Kxd4 Qg1+ 29. Ne3 0-0 30. b3 Rd8+ 31. Ke4 Qh2 32. Nc4 Qc2+ 0-1